01099 2200253 4500001002100000005001500021035002000036007000300056008004100059020002200100082001100122084002000133100002000153245012800173300003000301650002000331700003200351520032800383264004400711336002100755337003000776338002300806990001600829INLIS00000000116572120250904101839 a0010-0925000023ta250904 g | ind  a978-623-00-6953-6 a2X7.15 aSR 2X7.15 RAT b0 aRatnani Latifah1 aBerserah bukan pasrah :bhidup memang berat, tapi Allah selalu memeluk erat /cRatnani Latifah; penyunting, Reynissa Alfath axii, 292 halaman ;c21 cm 4aPsikologi Islam0 aReynissa Alfathepenyunting aAllah selalu ada hikmah di balik setiap masalah, jangan biarkan kesedihan membuatmu terpuruk, berserah kepada-Nya membawa ketenangan hati dan jiwa. Hadapilah ujian dengan sabar, tabah, dan keikhlasan kepada Allah, buku ini memberikan pesan positif dan motivasi untuk menjadi pribadi yang lebih kuat dan berserah kepada-Nya. aJakarta :bElex Media Komputindo,c2025 2rdacontentaTeks 2rdamediaaTanpa perantara 2rdacarrieraVolume a56065.66885